La usus Mairin del Wangki / (Record no. 29834)

MARC details
000 -LEADER
fixed length control field 00611nam a22002057a 4500
001 - CONTROL NUMBER
control field sjds
003 - CONTROL NUMBER IDENTIFIER
control field sjds
005 - DATE AND TIME OF LATEST TRANSACTION
control field 20240527131346.0
008 - FIXED-LENGTH DATA ELEMENTS--GENERAL INFORMATION
fixed length control field 240527b |||||||| |||| 00| 0 spa d
020 ## - INTERNATIONAL STANDARD BOOK NUMBER
International Standard Book Number 9789996401893
020 ## - INTERNATIONAL STANDARD BOOK NUMBER
International Standard Book Number 9996401898
040 ## - CATALOGING SOURCE
Transcribing agency sjds
100 1# - MAIN ENTRY--PERSONAL NAME
Personal name Talavera, Wilfred Cunningham
245 13 - TITLE STATEMENT
Title La usus Mairin del Wangki /
Statement of responsibility, etc. Wilfred Cunningham Talavera
246 ## - VARYING FORM OF TITLE
Title proper/short title La usus Mairin del Wangki
260 ## - PUBLICATION, DISTRIBUTION, ETC. (IMPRINT)
Place of publication, distribution, etc. Nicaragua :
Name of publisher, distributor, etc. CADPI, Centro Para La Autonomía y Desarrollo De Los Pueblos Indígenas
Date of publication, distribution, etc. 2013
300 ## - PHYSICAL DESCRIPTION
Extent 1 vol.
500 ## - GENERAL NOTE
General note Catloging from website: ISBN Cloud
942 ## - ADDED ENTRY ELEMENTS (KOHA)
Koha item type Libro/Book
Holdings
Withdrawn status Lost status Damaged status Not for loan Home library Current library Date acquired Total Checkouts Barcode Date last seen Price effective from Koha item type
        San Juan Del Sur -- Mobile San Juan Del Sur -- Mobile 27/05/2024   33004993 06/11/2024 27/05/2024 Libro/Book

Powered by Koha